Central Library OPAC University of Rajshahi

ভূমি আইন ও ভূমি ব্যবস্থার ক্রমবিকাশ / (Record no. 38129)

MARC details
000 -LEADER
fixed length control field 00857nam a2200229 a 4500
001 - CONTROL NUMBER
control field 38129
003 - CONTROL NUMBER IDENTIFIER
rucl marc code BD-RjUL
005 - DATE AND TIME OF LATEST TRANSACTION
control field 20211209052730.0
008 - FIXED-LENGTH DATA ELEMENTS--GENERAL INFORMATION
fixed length control field 150914r20082000bg ||||| |||| 00| 0 ben d
020 ## - INTERNATIONAL STANDARD BOOK NUMBER
International Standard Book Number 9840746448
035 ## - SYSTEM CONTROL NUMBER
System control number (BD-RjUL)38234
040 ## - CATALOGING SOURCE
Original cataloging agency BD-RjUL
Language of cataloging eng
Transcribing agency BD-RjUL
041 ## - LANGUAGE CODE
Language code of text/sound track or separate title eng
082 ## - DEWEY DECIMAL CLASSIFICATION NUMBER
Classification number 346.043
Author mark and year HOB 2008
100 ## - MAIN ENTRY--PERSONAL NAME
Personal name হক, কাজী এবাদুল
9 (RLIN) 117992
245 ## - TITLE STATEMENT
Title ভূমি আইন ও ভূমি ব্যবস্থার ক্রমবিকাশ /
Statement of responsibility, etc. কাজী এবাদুল হক
260 ## - PUBLICATION, DISTRIBUTION, ETC. (IMPRINT)
Place of publication, distribution, etc. ঢাকা :
Name of publisher, distributor, etc. বাংলা একাডেমী,
Date of publication, distribution, etc. ২০০০,
-- [পুনর্মুদ্রণ ২০০৮]
300 ## - PHYSICAL DESCRIPTION
Pagination ৩৬৪ পৃ. ;
Size ২২ সেমি.
650 ## - SUBJECT ADDED ENTRY--TOPICAL TERM
Topical term or geographic name as entry element ভূসম্পত্তি
9 (RLIN) 117993
Topical term or geographic name as entry element Real property
9 (RLIN) 116875
942 ## - ADDED ENTRY ELEMENTS (KOHA)
Source of classification or shelving scheme Dewey Decimal Classification
Koha item type Books
Holdings
Lost status Source of classification or shelving scheme Damaged status Not for loan Collection code Permanent Location Current Location Shelving location Date acquired Source of acquisition Cost, normal purchase price Total Checkouts Total Renewals Full call number Date last seen Date checked out Copy number Koha item type
  Dewey Decimal Classification     Non-fiction Central Library, University of Rajshahi Central Library, University of Rajshahi   23/06/2013 বাংলা একাডেমী, ঢাকা 250.00 12   B 346.043 HOB 2008 30/08/2022 22/08/2022 C-2 Books
  Dewey Decimal Classification     Non-fiction Central Library, University of Rajshahi Central Library, University of Rajshahi       250.00 1 1 B 346.043 HOB 2008 14/05/2018 18/04/2018 C-3 Books
  Dewey Decimal Classification   Not For Loan Non-fiction Central Library, University of Rajshahi Central Library, University of Rajshahi Reading Room 23/06/2013 Bangla Academy, Dhaka. 250.00     B 346.043 HOB 2008 26/12/2016   C-1 Books